[Event "Dulles Cherry Blossom op"]
[Site "Dulles"]
[Date "2022.05.28"]
[Round "4"]
[White "Patel, Arav"]
[Black "Hyland, Mark"]
[Result "1-0"]
[WhiteElo "1711"]
[BlackElo "1875"]
[PlyCount "65"]
[EventDate "2022.05.26"]
[EventType "swiss"]
[EventRounds "9"]
[EventCountry "USA"]
[SourceTitle "CBM 208 Extra"]
[Source "ChessBase"]
[SourceDate "2022.07.31"]
[SourceVersion "1"]
[SourceVersionDate "2022.07.31"]
[SourceQuality "1"]

1. d4 h5 2. Nf3 h4 3. h3 g6 4. e4 Nf6 5. e5 Ne4 6. Bd3 d5 7. Nc3 Bf5 8. Ng5 Nxc3 9. bxc3 e6 10. Rb1 b6 11. Nf3 Be7 12. 0-0 c5 13. Ba3 c4 14. Bxe7 Qxe7 15. Bxf5 gxf5 16. Nd2 Nc6 17. Qf3 Na5 18. Rb5 Rc8 19. Rfb1 Qg5 20. Nf1 Nc6 21. Ne3 Ne7 22. a4 0-0 23. Kh2 Ng6 24. a5 bxa5 25. Rxa5 Qf4+ 26. Qxf4 Nxf4 27. g3 Ne2 28. Ra3 f4 29. gxf4 f5 30. Ng2 Rb8 31. Re1 Rb2 32. Rxe2 Rf7 33. Nxh4 1-0